[Event "Tch-CRO 1st Liga w 2017"]
[Site "Mali Losinj"]
[Date "2017.09.28"]
[Round "1.11"]
[White "Krivec, Jana"]
[Black "Kejzar, Petra"]
[Result "1-0"]
[WhiteElo "2270"]
[BlackElo "2021"]
[PlyCount "51"]
[EventDate "2017.09.28"]
[EventType "team"]
[EventRounds "9"]
[EventCountry "CRO"]

1. e4 c5 2. Nc3 e6 3. f4 Nc6 4. Nf3 d6 5. Bc4 a6 6. a4 Nge7 7. d3 Nd4 8. Nxd4
cxd4 9. Ne2 Nc6 10. O-O Be7 11. f5 d5 12. exd5 exd5 13. Bb3 O-O 14. Ng3 Na5 15.
Ba2 b6 16. Nh5 g6 17. fxg6 hxg6 18. Bh6 Re8 19. Qf3 Be6 20. Ng7 Kh7 21. Nxe6
fxe6 22. Qh3 Bh4 23. Rf4 Kxh6 24. Rxh4+ Kg7 25. Rh7+ Kg8 26. Rf1 1-0

[Event "Tch-CRO 1st Liga w 2017"]
[Site "Mali Losinj"]
[Date "2017.09.28"]
[Round "1.12"]
[White "Kruljac, Petra"]
[Black "Starcevic, Andrea"]
[Result "1-0"]
[WhiteElo "2065"]
[BlackElo "1879"]
[PlyCount "73"]
[EventDate "2017.09.28"]
[EventType "team"]
[EventRounds "9"]
[EventCountry "CRO"]

1. d4 d5 2. c4 e6 3. Nc3 Nf6 4. cxd5 exd5 5. Bg5 Be7 6. Qc2 c6 7. e3 Nbd7 8.
Bd3 O-O 9. h3 Re8 10. Nf3 Nf8 11. Bf4 Ng6 12. Bh2 Bd6 13. Bxd6 Qxd6 14. O-O-O
b5 15. Kb1 a5 16. Rc1 Re7 17. g4 Rea7 18. g5 Nd7 19. h4 a4 20. h5 Ngf8 21. Ne2
Bb7 22. Nh4 Nb6 23. g6 h6 24. gxf7+ Kxf7 25. Nf5 Qd8 26. Rcg1 Ne6 27. Rg3 Qf8
28. Nf4 Re8 29. Nxe6 Rxe6 30. Rxg7+ Ke8 31. Rhg1 Qb4 32. Rg8+ Kf7 33. R1g7+ Kf6
34. Rg6+ Kf7 35. R8g7+ Kf8 36. Rxe6 a3 37. Qc5+ 1-0

[Event "Tch-CRO 1st Liga w 2017"]
[Site "Mali Losinj"]
[Date "2017.09.28"]
[Round "1.13"]
[White "Tomulic, Vesna"]
[Black "Lukenda, Tina"]
[Result "1/2-1/2"]
[WhiteElo "1829"]
[BlackElo "2062"]
[PlyCount "49"]
[EventDate "2017.09.28"]
[EventType "team"]
[EventRounds "9"]
[EventCountry "CRO"]

1. e4 c6 2. Nc3 d5 3. d4 dxe4 4. Nxe4 Bf5 5. Ng3 Bg6 6. h4 h6 7. h5 Bh7 8. Nf3
Nd7 9. Bd3 Bxd3 10. Qxd3 e6 11. Bd2 Ngf6 12. Ne4 Nxe4 13. Qxe4 Nf6 14. Qe2 Qc7
15. O-O-O Bd6 16. g3 a6 17. c4 b5 18. c5 Be7 19. Bf4 Qa5 20. Kb1 Nd5 21. Bd2
Qc7 22. Qe5 Bf6 23. Qxc7 Nxc7 24. Ne5 Bxe5 25. dxe5 1/2-1/2

[Event "Tch-CRO 1st Liga w 2017"]
[Site "Mali Losinj"]
[Date "2017.09.28"]
[Round "1.14"]
[White "Svaljek, Radmila"]
[Black "Krajacic, Ivona"]
[Result "1-0"]
[WhiteElo "1967"]
[BlackElo "1589"]
[PlyCount "51"]
[EventDate "2017.09.28"]
[EventType "team"]
[EventRounds "9"]
[EventCountry "CRO"]

1. d4 e6 2. Nf3 d5 3. Bg5 Be7 4. Bxe7 Nxe7 5. e3 O-O 6. c3 Nbc6 7. Bd3 Qd6 8.
O-O e5 9. Nxe5 Nxe5 10. dxe5 Qxe5 11. Nd2 c6 12. Re1 Re8 13. e4 dxe4 14. Rxe4
Qf6 15. Nf3 Be6 16. Qc2 h6 17. Rae1 Rad8 18. Nd4 Bd5 19. R4e3 Kf8 20. Qa4 Nc8
21. Qb4+ Nd6 22. Nf5 Rxe3 23. Rxe3 b6 24. Qa3 a5 25. c4 Bxc4 26. Nxd6 1-0

[Event "Tch-CRO 1st Liga w 2017"]
[Site "Mali Losinj"]
[Date "2017.09.28"]
[Round "1.21"]
[White "Voiska, Margarita"]
[Black "Purgar, Ivona"]
[Result "1-0"]
[WhiteElo "2272"]
[BlackElo "2159"]
[PlyCount "97"]
[EventDate "2017.09.28"]
[EventType "team"]
[EventRounds "9"]
[EventCountry "CRO"]

1. d4 Nf6 2. c4 e6 3. Nc3 d5 4. cxd5 exd5 5. Bg5 Be7 6. e3 c6 7. Bd3 Nbd7 8.
Nge2 Nf8 9. O-O Ne6 10. Bh4 g6 11. f3 O-O 12. Kh1 Ng7 13. Bf2 Bd6 14. Bg1 Nfh5
15. e4 Nf4 16. Nxf4 Bxf4 17. Ne2 Bc7 18. Qd2 Qh4 19. e5 Bf5 20. Bxf5 Nxf5 21.
g4 Ng7 22. Bf2 Qe7 23. Qh6 f6 24. f4 fxe5 25. fxe5 Ne6 26. Bh4 Qd7 27. Bf6 c5
28. Nf4 Nxf4 29. Rxf4 Rf7 30. g5 cxd4 31. Raf1 d3 32. Rh4 Bxe5 33. Qxg6+ Rg7
34. Qxg7+ Qxg7 35. Bxg7 Kxg7 36. Rh3 Bxb2 37. Rxd3 d4 38. Rb3 Bc3 39. Rxb7+ Kg6
40. Rd7 a5 41. h4 Ra6 42. Kg2 h6 43. gxh6 Kxh6 44. Rf5 Re6 45. Kf3 Re3+ 46. Kf4
Re6 47. Rff7 Rb6 48. Rh7+ Kg6 49. h5+ 1-0

[Event "Tch-CRO 1st Liga w 2017"]
[Site "Mali Losinj"]
[Date "2017.09.28"]
[Round "1.23"]
[White "Deur Saric, Zrinka"]
[Black "Rozman, Monika"]
[Result "1-0"]
[WhiteElo "2152"]
[BlackElo "2194"]
[PlyCount "101"]
[EventDate "2017.09.28"]
[EventType "team"]
[EventRounds "9"]
[EventCountry "CRO"]

1. e4 c5 2. Nf3 d6 3. d4 cxd4 4. Nxd4 Nf6 5. Nc3 a6 6. g3 e6 7. Bg2 Be7 8. O-O
Qc7 9. Be3 O-O 10. Qe2 Nc6 11. a4 Rb8 12. f4 Nxd4 13. Bxd4 b6 14. Rad1 Nd7 15.
Rfe1 Bb7 16. Rd2 Rfe8 17. Qf2 Bc6 18. Rde2 b5 19. Nd5 Qb7 20. axb5 axb5 21. Nb4
Nc5 22. Nxc6 Qxc6 23. e5 d5 24. Ra1 Ra8 25. Ree1 Bf8 26. Qe2 b4 27. Rxa8 Rxa8
28. c4 bxc3 29. Bxc3 Ra2 30. Qc4 Qa8 31. Qb5 Nb7 32. f5 Qa7+ 33. Kh1 Ra1 34.
fxe6 fxe6 35. Bh3 Nc5 36. b4 Rxe1+ 37. Bxe1 Qa1 38. Qf1 Qxe5 39. bxc5 Bxc5 40.
Bd2 Qe4+ 41. Bg2 Qd4 42. Qe1 Qf6 43. Bf4 Qf5 44. h4 h6 45. Qe5 Qg4 46. Kh2 Kh7
47. Bf1 Qd1 48. Qe2 Qa4 49. Qxe6 Qd4 50. Bg2 g5 51. Qf5+ 1-0

[Event "Tch-CRO 1st Liga w 2017"]
[Site "Mali Losinj"]
[Date "2017.09.28"]
[Round "1.24"]
[White "Blazeka, Ivana"]
[Black "Ivekovic, Tihana"]
[Result "0-1"]
[WhiteElo "1614"]
[BlackElo "2111"]
[PlyCount "50"]
[EventDate "2017.09.28"]
[EventType "team"]
[EventRounds "9"]
[EventCountry "CRO"]

1. e4 c5 2. Nf3 e6 3. d4 cxd4 4. Nxd4 a6 5. a3 Nf6 6. e5 Qa5+ 7. Nc3 Qxe5+ 8.
Be3 Be7 9. Be2 O-O 10. O-O d5 11. Qd2 Qc7 12. f4 Nbd7 13. Bf3 b5 14. b4 Bb7 15.
Rab1 Rac8 16. Rb3 Nb6 17. Bf2 Nc4 18. Qc1 Ne4 19. Bxe4 dxe4 20. Re1 Bd5 21.
Nxd5 exd5 22. Nf5 Bf6 23. Bc5 Rfe8 24. c3 Qd7 25. Qd1 Qxf5 0-1

[Event "Tch-CRO 1st Liga w 2017"]
[Site "Mali Losinj"]
[Date "2017.09.28"]
[Round "1.31"]
[White "Jacimovic, Sara"]
[Black "Bulmaga, Irina"]
[Result "0-1"]
[WhiteElo "1975"]
[BlackElo "2423"]
[PlyCount "60"]
[EventDate "2017.09.28"]
[EventType "team"]
[EventRounds "9"]
[EventCountry "CRO"]

1. d4 Nf6 2. e3 g6 3. Bd3 Bg7 4. f4 O-O 5. Nf3 c5 6. c3 d6 7. O-O Nc6 8. Bc2
Bg4 9. d5 Nb8 10. e4 e6 11. h3 Bxf3 12. Qxf3 Nbd7 13. dxe6 fxe6 14. Bb3 Qe7 15.
f5 c4 16. Bc2 Ne5 17. Qe3 Qc7 18. Na3 a6 19. Bd2 Rae8 20. fxg6 hxg6 21. Rae1
Rf7 22. b3 b5 23. b4 Ref8 24. Nb1 Nh5 25. Bc1 Nf4 26. Rxf4 Rxf4 27. Qg3 Rf2 28.
Na3 Qf7 29. Be3 Rf1+ 30. Kh2 Ng4+ 0-1

[Event "Tch-CRO 1st Liga w 2017"]
[Site "Mali Losinj"]
[Date "2017.09.28"]
[Round "1.32"]
[White "Berke, Ana"]
[Black "Videkovic, Marina"]
[Result "1-0"]
[WhiteElo "2169"]
[BlackElo "1850"]
[PlyCount "123"]
[EventDate "2017.09.28"]
[EventType "team"]
[EventRounds "9"]
[EventCountry "CRO"]

1. e4 c5 2. Nf3 d6 3. d4 cxd4 4. Nxd4 Nf6 5. f3 a6 6. c4 g6 7. Nc3 Bg7 8. Be3
Nc6 9. Be2 Bd7 10. Nb3 b6 11. Rc1 O-O 12. Qd2 Rb8 13. O-O Be6 14. Rfd1 Nd7 15.
Nd5 a5 16. Nf4 Nc5 17. Nd4 Bd7 18. Nd5 Nxd4 19. Bxd4 Ne6 20. Be3 Ba4 21. Rf1
Bc6 22. f4 Nc5 23. Bf3 e6 24. Nc3 Bxc3 25. Qxc3 Nxe4 26. Qd4 f5 27. Rfd1 d5 28.
cxd5 Bxd5 29. Qe5 Qf6 30. Qc7 Qf7 31. Bd4 Qxc7 32. Rxc7 Rf7 33. Rdc1 Rxc7 34.
Rxc7 Rb7 35. Rxb7 Bxb7 36. Bxb6 a4 37. Be2 Bd5 38. Bb5 Bxa2 39. Bxa4 Bc4 40.
Bd4 Kf7 41. Bc6 Nd6 42. Kf2 Bb3 43. g3 h6 44. Ke3 Bc4 45. Be5 Nb5 46. Bf3 Na7
47. Kd4 Bb3 48. Kc5 Nc8 49. Be2 Ke7 50. Ba6 Kd7 51. Bb5+ Ke7 52. Bc6 Kf7 53.
Kb5 Bc2 54. Kc4 Nb6+ 55. Kc5 Na4+ 56. Kb5 g5 57. Bd4 gxf4 58. gxf4 Bd1 59. Kb4
Nxb2 60. Bxb2 h5 61. Kc4 h4 62. Kd4 1-0

[Event "Tch-CRO 1st Liga w 2017"]
[Site "Mali Losinj"]
[Date "2017.09.28"]
[Round "1.33"]
[White "Grgic, Neomi"]
[Black "Bogdanic, Katarina"]
[Result "1-0"]
[WhiteElo "1847"]
[BlackElo "1982"]
[PlyCount "133"]
[EventDate "2017.09.28"]
[EventType "team"]
[EventRounds "9"]
[EventCountry "CRO"]

1. e4 c5 2. Nf3 e6 3. d4 cxd4 4. Nxd4 a6 5. Bd3 Qc7 6. Qe2 d6 7. Be3 Nf6 8. O-O
Be7 9. c4 Nbd7 10. f4 O-O 11. Nc3 b6 12. Rac1 Bb7 13. b4 Rac8 14. a3 Qb8 15.
Kh1 Qa8 16. Bd2 Rfe8 17. e5 dxe5 18. fxe5 Nxe5 19. Qxe5 Bxg2+ 20. Kg1 Bxf1 21.
Rxf1 Rcd8 22. Be3 Bd6 23. Qg5 Be7 24. Qg3 Bd6 25. Qh4 Be7 26. Bg5 Qb7 27. Bc2
Rc8 28. Nde2 Qc7 29. Bxf6 Bxf6 30. Qxh7+ Kf8 31. Bd3 Ke7 32. Qe4 Qe5 33. Qxe5
Bxe5 34. Na4 Rcd8 35. Rf3 Bc7 36. c5 b5 37. Nac3 Rh8 38. h3 Rh4 39. Kg2 g6 40.
Re3 f5 41. Bc2 e5 42. Bb3 f4 43. Rf3 Rd2 44. Kf2 Kd7 45. Ne4 Rb2 46. Rd3+ Kc8
47. Bf7 Rh6 48. N4c3 g5 49. Bd5 Bd8 50. Be4 Bc7 51. Bd5 Bd8 52. Ke1 a5 53. Nd1
Rb1 54. Nec3 Ra1 55. Nxb5 axb4 56. axb4 Ra4 57. Nd6+ Kc7 58. Nf7 Rha6 59. Nxd8
Kxd8 60. Bb7+ Kc7 61. Bxa6 Rxa6 62. Nc3 Ra1+ 63. Kf2 Rh1 64. Kg2 Re1 65. Kf3
Rh1 66. Kg4 Rg1+ 67. Kf5 1-0

[Event "Tch-CRO 1st Liga w 2017"]
[Site "Mali Losinj"]
[Date "2017.09.28"]
[Round "1.34"]
[White "Golub, Nikolina"]
[Black "Raguz, Ivanka"]
[Result "1-0"]
[WhiteElo "1897"]
[BlackElo "1812"]
[PlyCount "73"]
[EventDate "2017.09.28"]
[EventType "team"]
[EventRounds "9"]
[EventCountry "CRO"]

1. d4 Nf6 2. c4 e6 3. g3 c5 4. d5 exd5 5. cxd5 d6 6. Nc3 g6 7. Bg2 a6 8. e4 Bg7
9. Nf3 O-O 10. O-O Re8 11. Re1 Nbd7 12. Bf4 Ne5 13. Nxe5 dxe5 14. Be3 Bf8 15.
Na4 b6 16. Qb3 Bd7 17. f4 Bxa4 18. Qxa4 b5 19. Qc2 Rc8 20. Bh3 exf4 21. Bxf4
Ra8 22. Rad1 Nh5 23. Qc1 c4 24. e5 Bc5+ 25. Kh1 Qb6 26. d6 Nxf4 27. Qxf4 Rad8
28. Rf1 Be3 29. Qxf7+ Kh8 30. Qf6+ Kg8 31. Be6+ Rxe6 32. Qxe6+ Kh8 33. Rf7 Bg5
34. h4 Qe3 35. hxg5 Qe4+ 36. Kg1 Qe3+ 37. Kf1 1-0

[Event "Tch-CRO 1st Liga w 2017"]
[Site "Mali Losinj"]
[Date "2017.09.28"]
[Round "1.41"]
[White "Repkova, Eva"]
[Black "Zarkovic, Mila"]
[Result "1/2-1/2"]
[WhiteElo "2315"]
[BlackElo "2242"]
[PlyCount "50"]
[EventDate "2017.09.28"]
[EventType "team"]
[EventRounds "9"]
[EventCountry "CRO"]

1. b3 c5 2. Bb2 e6 3. Nf3 Nf6 4. e3 Nc6 5. d4 d5 6. Bd3 b6 7. Nbd2 Bb7 8. Ne5
Bd6 9. f4 O-O 10. O-O Nb4 11. Be2 Ne4 12. a3 Nc6 13. Rf3 f6 14. Nxc6 Bxc6 15.
Nxe4 dxe4 16. Rh3 b5 17. c4 a6 18. cxb5 axb5 19. Rc1 Qb6 20. Qc2 c4 21. bxc4
bxc4 22. f5 Bd5 23. fxe6 Bxa3 24. Bxa3 Rxa3 25. Bxc4 Qxe6 1/2-1/2

[Event "Tch-CRO 1st Liga w 2017"]
[Site "Mali Losinj"]
[Date "2017.09.28"]
[Round "1.42"]
[White "Sulc, Gordana"]
[Black "Medic, Mirjana"]
[Result "0-1"]
[WhiteElo "1848"]
[BlackElo "2128"]
[PlyCount "72"]
[EventDate "2017.09.28"]
[EventType "team"]
[EventRounds "9"]
[EventCountry "CRO"]

1. e4 e6 2. d4 d5 3. Nd2 Nf6 4. e5 Nfd7 5. Bd3 c5 6. c3 Nc6 7. Ne2 cxd4 8. cxd4
Nb6 9. O-O Nb4 10. Bb1 a5 11. a3 Nc6 12. b3 Be7 13. Bd3 Bd7 14. Nf3 Rc8 15. Bb2
f6 16. Nf4 fxe5 17. Nxe5 Nxe5 18. dxe5 g6 19. Nxg6 hxg6 20. Bxg6+ Kf8 21. Qf3+
Kg7 22. Qg3 Bh4 23. Qg4 Qg5 24. Qd4 Qxg6 25. Qxb6 Bc6 26. Bd4 Qd3 27. Rad1 Qb5
28. g3 Bd8 29. Qxb5 Bxb5 30. Rfe1 Be7 31. a4 Be8 32. Rc1 Bg6 33. Bb6 Bb4 34.
Rxc8 Rxc8 35. Re3 Rc3 36. Bd4 Rxe3 0-1

[Event "Tch-CRO 1st Liga w 2017"]
[Site "Mali Losinj"]
[Date "2017.09.28"]
[Round "1.43"]
[White "Roklicer, Heike"]
[Black "Mican, Karmela"]
[Result "1-0"]
[WhiteElo "2044"]
[BlackElo "1804"]
[PlyCount "85"]
[EventDate "2017.09.28"]
[EventType "team"]
[EventRounds "9"]
[EventCountry "CRO"]

1. d4 b6 2. c4 Nf6 3. Nc3 Bb7 4. f3 d6 5. e4 Nbd7 6. Be3 e5 7. d5 g6 8. Nge2
Bg7 9. Qd2 a5 10. Ng3 Ba6 11. Be2 h5 12. h4 Ng8 13. O-O-O Bf6 14. Bg5 Bxg5 15.
hxg5 Nc5 16. Nf1 f6 17. gxf6 Qxf6 18. Ne3 O-O-O 19. Kc2 Ne7 20. Rb1 Rdg8 21. b4
axb4 22. Rxb4 Kd7 23. Na4 Nxa4 24. Rxa4 Ra8 25. Qb4 Kc8 26. Qc3 Bb7 27. Rxa8+
Bxa8 28. Qa3 Kb8 29. Rb1 Bb7 30. Qb3 Nc8 31. a4 Qe7 32. a5 c5 33. dxc6 Bxc6 34.
axb6 Qb7 35. Nd5 h4 36. Nb4 Ne7 37. Qa3 Kc8 38. c5 Qd7 39. Ba6+ Kb8 40. cxd6
Qxd6 41. Bc4 Qd7 42. Na6+ Kc8 43. Nc5 1-0

[Event "Tch-CRO 1st Liga w 2017"]
[Site "Mali Losinj"]
[Date "2017.09.28"]
[Round "1.44"]
[White "Lijic, Kristina"]
[Black "Smetisko, Marija"]
[Result "0-1"]
[WhiteElo "1717"]
[BlackElo "1795"]
[PlyCount "94"]
[EventDate "2017.09.28"]
[EventType "team"]
[EventRounds "9"]
[EventCountry "CRO"]

1. c4 e5 2. Nc3 Nf6 3. g3 d5 4. cxd5 Nxd5 5. Bg2 Nb6 6. Nf3 Nc6 7. a3 Be6 8. d3
f6 9. Be3 Ne7 10. Bxb6 axb6 11. O-O c6 12. Qc2 Nf5 13. Rfd1 Bc5 14. Ne4 Be7 15.
b4 b5 16. e3 O-O 17. d4 exd4 18. Nxd4 Nxd4 19. Rxd4 Qc7 20. Nc3 Qc8 21. Ne4 Qb8
22. Nc5 Bxc5 23. Qxc5 Qc7 24. Bf1 Rfc8 25. Re4 Qf7 26. Qd6 Re8 27. Qc5 Bd5 28.
Rd4 Re5 29. Qc2 Rae8 30. Rad1 Bb3 31. Qd2 Bxd1 32. Qxd1 Re4 33. Rd7 R4e7 34.
Rd4 Ra8 35. Qd3 Qg6 36. Qb3+ Kf8 37. Bd3 Qf7 38. Qc2 g6 39. Rh4 Kg7 40. Rd4
Rxa3 41. Qe2 Ra2 42. Qg4 Qe6 43. Qf4 Qh3 44. Bb1 Rb2 45. Rd1 Qe6 46. Qd4 Qb3
47. Be4 Rxe4 0-1

[Event "Tch-CRO 1st Liga w 2017"]
[Site "Mali Losinj"]
[Date "2017.09.29"]
[Round "2.11"]
[White "Bulmaga, Irina"]
[Black "Repkova, Eva"]
[Result "1/2-1/2"]
[WhiteElo "2423"]
[BlackElo "2315"]
[PlyCount "62"]
[EventDate "2017.09.28"]
[EventType "team"]
[EventRounds "9"]
[EventCountry "CRO"]

1. e4 e6 2. d4 d5 3. Nc3 dxe4 4. Nxe4 Nd7 5. Nf3 Ngf6 6. Bd3 Nxe4 7. Bxe4 Nf6
8. Bd3 c5 9. O-O cxd4 10. Nxd4 Bc5 11. c3 O-O 12. Bg5 Bxd4 13. cxd4 Qd5 14.
Bxf6 gxf6 15. Rc1 Rd8 16. Rc3 Qxd4 17. Qh5 f5 18. Bb5 Qf6 19. Rd1 Rxd1+ 20.
Qxd1 e5 21. Bd7 Bxd7 22. Qxd7 Qd8 23. Rc7 Qxd7 24. Rxd7 b6 25. g3 Kg7 26. Kg2
e4 27. Rb7 Kf6 28. h4 Rc8 29. Rxa7 Rc2 30. Kg1 Rxb2 31. a4 Rb1+ 1/2-1/2

[Event "Tch-CRO 1st Liga w 2017"]
[Site "Mali Losinj"]
[Date "2017.09.29"]
[Round "2.12"]
[White "Medic, Mirjana"]
[Black "Berke, Ana"]
[Result "0-1"]
[WhiteElo "2128"]
[BlackElo "2169"]
[PlyCount "85"]
[EventDate "2017.09.28"]
[EventType "team"]
[EventRounds "9"]
[EventCountry "CRO"]

1. d4 Nf6 2. c4 e6 3. Nc3 Bb4 4. e3 O-O 5. Bd3 d5 6. Nge2 c5 7. O-O dxc4 8.
Bxc4 Nc6 9. a3 cxd4 10. axb4 dxc3 11. bxc3 b6 12. Ng3 Qc7 13. Qb3 Bb7 14. Be2
Rfc8 15. Bb2 Ne5 16. Rfd1 Qc6 17. Bf1 h5 18. Rd4 b5 19. Rad1 Nc4 20. Bc1 g6 21.
f3 e5 22. Rh4 a5 23. bxa5 Rxa5 24. Ne4 Nxe4 25. Rxe4 Ra1 26. Be2 Kg7 27. Qb4
Qb6 28. Rxc4 Rxc1 29. Rxc8 Qxe3+ 30. Kf1 Rxd1+ 31. Bxd1 Bxc8 32. Be2 h4 33. h3
Bd7 34. Qd6 Be6 35. Qc6 Qc1+ 36. Kf2 b4 37. c4 b3 38. Qb5 b2 39. Qxe5+ f6 40.
Qxe6 b1=Q 41. Qe7+ Kh6 42. Qf8+ Kg5 43. Qc5+ 0-1

[Event "Tch-CRO 1st Liga w 2017"]
[Site "Mali Losinj"]
[Date "2017.09.29"]
[Round "2.13"]
[White "Bogdanic, Katarina"]
[Black "Roklicer, Heike"]
[Result "1-0"]
[WhiteElo "1982"]
[BlackElo "2044"]
[PlyCount "117"]
[EventDate "2017.09.28"]
[EventType "team"]
[EventRounds "9"]
[EventCountry "CRO"]

1. Nf3 f5 2. c4 Nf6 3. g3 d6 4. Bg2 e5 5. d3 Nc6 6. Nc3 Bd7 7. Rb1 g6 8. O-O
Bg7 9. b4 O-O 10. a4 Qe8 11. Ba3 Rc8 12. b5 Nd4 13. c5 Nxf3+ 14. Bxf3 e4 15.
dxe4 fxe4 16. Nxe4 Nxe4 17. Qd5+ Be6 18. Qxe4 d5 19. Qd3 c6 20. bxc6 bxc6 21.
Rb7 Rf7 22. Rxf7 Qxf7 23. Bg2 Rf8 24. Bc1 Rb8 25. Be3 Qb7 26. Bf4 Re8 27. Rb1
Qc8 28. Rb8 Qd7 29. Rxe8+ Qxe8 30. h3 Qc8 31. Kh2 Qb7 32. Qe3 Kf7 33. Bg5 Qc7
34. Bh6 Bf6 35. Qd2 Kg8 36. Be3 Kf7 37. Bd4 Bxd4 38. Qxd4 Qb8 39. e4 Qd8 40.
exd5 Bxd5 41. Bxd5+ cxd5 42. c6 Qa5 43. Qf4+ Ke6 44. Qg4+ Kf6 45. Qd7 Qc5 46.
Kg2 Qd4 47. Qe8 Qc4 48. a5 d4 49. Qf8+ Ke5 50. Qe7+ Qe6 51. Qc5+ Ke4 52. c7 Qc8
53. Qc6+ Kd3 54. Qb5+ Kd2 55. Qb8 Qf5 56. c8=Q Qe4+ 57. Kh2 Ke1 58. Qb2 Kf1 59.
Qc4+ 1-0

[Event "Tch-CRO 1st Liga w 2017"]
[Site "Mali Losinj"]
[Date "2017.09.29"]
[Round "2.14"]
[White "Smetisko, Marija"]
[Black "Golub, Nikolina"]
[Result "1-0"]
[WhiteElo "1795"]
[BlackElo "1897"]
[PlyCount "115"]
[EventDate "2017.09.28"]
[EventType "team"]
[EventRounds "9"]
[EventCountry "CRO"]

1. e4 c5 2. Nf3 e6 3. d4 cxd4 4. Nxd4 Nf6 5. f3 Nc6 6. Be3 Qb6 7. Nc3 a6 8. Na4
Qa5+ 9. c3 Nxd4 10. Bxd4 Be7 11. Nb6 Rb8 12. Nc4 Qg5 13. Be5 d6 14. Bxd6 Bxd6
15. Qxd6 Nd7 16. Qb4 Qc5 17. Qxc5 Nxc5 18. O-O-O b5 19. Ne5 Rb6 20. Be2 f6 21.
Nd3 Nb7 22. e5 Ke7 23. Rd2 Bd7 24. Rhd1 Rc8 25. Kb1 Be8 26. exf6+ gxf6 27. Nf4
a5 28. Bd3 b4 29. cxb4 Rxb4 30. g3 Nc5 31. Bxh7 Na4 32. Re1 Rbc4 33. Rxe6+ Kf8
34. Re1 Bf7 35. Bf5 Re8 36. Ne6+ Kg8 37. Rd8 Rxd8 38. Nxd8 Rd4 39. Nxf7 Kxf7
40. Kc2 Rc4+ 41. Kb1 Rb4 42. b3 Nc5 43. Kc2 a4 44. h4 Kf8 45. Kc3 Rb7 46. b4
Na6 47. a3 Rc7+ 48. Kb2 Nb8 49. Bc2 Nd7 50. f4 Nb6 51. Re2 Nc4+ 52. Ka2 Nd6 53.
Bxa4 Nf5 54. b5 Nxg3 55. b6 Rb7 56. Re6 Kf7 57. Bb3 Nf5 58. Re5+ 1-0

[Event "Tch-CRO 1st Liga w 2017"]
[Site "Mali Losinj"]
[Date "2017.09.29"]
[Round "2.21"]
[White "Purgar, Ivona"]
[Black "Jacimovic, Sara"]
[Result "1-0"]
[WhiteElo "2159"]
[BlackElo "1975"]
[PlyCount "81"]
[EventDate "2017.09.28"]
[EventType "team"]
[EventRounds "9"]
[EventCountry "CRO"]

1. e4 e5 2. Nf3 Nc6 3. Bb5 a6 4. Ba4 Nf6 5. d3 Bc5 6. O-O d6 7. c3 b5 8. Bc2
Bg4 9. Re1 O-O 10. h3 Bh5 11. Nbd2 Re8 12. Nf1 d5 13. Qe2 d4 14. Ng3 dxc3 15.
bxc3 Bg6 16. Be3 Qd6 17. Rad1 Nh5 18. d4 Nxg3 19. fxg3 exd4 20. cxd4 Bb4 21. e5
Qd7 22. Rf1 Ne7 23. Bxg6 hxg6 24. Ng5 Rf8 25. Rxf7 Qd5 26. Rxf8+ Rxf8 27. g4 c5
28. e6 cxd4 29. Rxd4 Qc5 30. Rf4 Qc3 31. Rxf8+ Kxf8 32. Qf3+ Kg8 33. Qf7+ Kh8
34. Bf4 Bc5+ 35. Kh2 Qd4 36. Nf3 Qd8 37. Ne5 Qd4 38. Nf3 Qd8 39. Be5 Qg8 40.
Ng5 Bb4 41. Qf2 1-0

[Event "Tch-CRO 1st Liga w 2017"]
[Site "Mali Losinj"]
[Date "2017.09.29"]
[Round "2.23"]
[White "Rozman, Monika"]
[Black "Grgic, Neomi"]
[Result "1-0"]
[WhiteElo "2194"]
[BlackElo "1847"]
[PlyCount "51"]
[EventDate "2017.09.28"]
[EventType "team"]
[EventRounds "9"]
[EventCountry "CRO"]

1. e4 e5 2. Nf3 Nc6 3. Bc4 Bc5 4. c3 Nf6 5. d3 a6 6. Bb3 Ba7 7. Nbd2 O-O 8. O-O
d5 9. Re1 Re8 10. exd5 Nxd5 11. d4 Nf4 12. Nf1 Bg4 13. h3 Bh5 14. Ng3 Qf6 15.
Nxh5 Nxh5 16. Ng5 Nf4 17. Bxf4 exf4 18. Rxe8+ Rxe8 19. Bxf7+ Kh8 20. Qh5 h6 21.
Bxe8 Qxg5 22. Qxg5 hxg5 23. Bxc6 bxc6 24. Re1 Kh7 25. Re6 Bb6 26. Rxc6 1-0

[Event "Tch-CRO 1st Liga w 2017"]
[Site "Mali Losinj"]
[Date "2017.09.29"]
[Round "2.24"]
[White "Raguz, Ivanka"]
[Black "Blazeka, Ivana"]
[Result "1-0"]
[WhiteElo "1812"]
[BlackElo "1614"]
[PlyCount "35"]
[EventDate "2017.09.28"]
[EventType "team"]
[EventRounds "9"]
[EventCountry "CRO"]

1. d4 d5 2. Nf3 Nf6 3. Bg5 e6 4. e3 Be7 5. Bd3 Nbd7 6. Nbd2 b6 7. Qe2 Bb7 8. h4
h6 9. Bf4 Ne4 10. O-O-O Ndf6 11. Ne5 O-O 12. g4 Nxd2 13. Rxd2 Ne4 14. g5 hxg5
15. hxg5 Bxg5 16. Qh5 Bh6 17. Bxe4 dxe4 18. Bxh6 1-0

[Event "Tch-CRO 1st Liga w 2017"]
[Site "Mali Losinj"]
[Date "2017.09.29"]
[Round "2.31"]
[White "Kejzar, Petra"]
[Black "Voiska, Margarita"]
[Result "1/2-1/2"]
[WhiteElo "2021"]
[BlackElo "2272"]
[PlyCount "73"]
[EventDate "2017.09.28"]
[EventType "team"]
[EventRounds "9"]
[EventCountry "CRO"]

1. e4 d6 2. d4 Nf6 3. Nc3 e5 4. Nf3 Nbd7 5. Bc4 Be7 6. O-O O-O 7. a4 a5 8. h3
c6 9. Re1 h6 10. Be3 Re8 11. Ba2 Qc7 12. Nh4 Nf8 13. Qf3 exd4 14. Bxd4 Ne6 15.
Be3 Ng5 16. Bxg5 hxg5 17. Nf5 Bxf5 18. Qxf5 Bd8 19. Qxg5 Nxe4 20. Qf5 Nf6 21.
Rxe8+ Nxe8 22. Re1 Bf6 23. Ne4 d5 24. Nxf6+ Nxf6 25. c4 dxc4 26. Bxc4 Re8 27.
Rd1 Re5 28. Qd3 Qe7 29. Kh2 Nd5 30. Qf3 Qe6 31. Rd4 g6 32. Bxd5 Rxd5 33. Re4
Re5 34. Rd4 Rd5 35. Re4 Re5 36. Rd4 Rd5 37. Re4 1/2-1/2

[Event "Tch-CRO 1st Liga w 2017"]
[Site "Mali Losinj"]
[Date "2017.09.29"]
[Round "2.32"]
[White "Cvitan, Ena"]
[Black "Kruljac, Petra"]
[Result "1-0"]
[WhiteElo "2269"]
[BlackElo "2065"]
[PlyCount "73"]
[EventDate "2017.09.28"]
[EventType "team"]
[EventRounds "9"]
[EventCountry "CRO"]

1. d4 d6 2. Nf3 Nf6 3. c4 Nbd7 4. Nc3 e5 5. e4 Be7 6. Be2 O-O 7. O-O c6 8. Rb1
a5 9. b3 Ne8 10. Be3 g6 11. dxe5 dxe5 12. Na4 Ng7 13. c5 Ne6 14. Qc2 Qc7 15.
Rfd1 Nf4 16. Bf1 Nf6 17. Nb6 Ra7 18. h3 N6h5 19. Qc3 f6 20. Nd2 Ne6 21. Bc4 Kh8
22. Bxe6 Bxe6 23. Ndc4 g5 24. Rd2 Rd8 25. Rbd1 Nf4 26. Rxd8+ Bxd8 27. Kh1 Qe7
28. a4 h5 29. Bxf4 exf4 30. Qf3 Bf7 31. Nc8 Qc7 32. Nxa7 Be7 33. Nd6 Bg6 34.
Nac8 Bf8 35. Nb6 Qh7 36. Qd3 Bg7 37. Nf5 1-0

[Event "Tch-CRO 1st Liga w 2017"]
[Site "Mali Losinj"]
[Date "2017.09.29"]
[Round "2.33"]
[White "Lukenda, Tina"]
[Black "Deur Saric, Zrinka"]
[Result "1/2-1/2"]
[WhiteElo "2062"]
[BlackElo "2152"]
[PlyCount "57"]
[EventDate "2017.09.28"]
[EventType "team"]
[EventRounds "9"]
[EventCountry "CRO"]

1. d4 d5 2. Nf3 Nf6 3. c4 e6 4. cxd5 exd5 5. Nc3 Bd6 6. Bg5 c6 7. e3 Bf5 8. Bd3
Bg6 9. O-O O-O 10. a3 Nbd7 11. b4 Qc7 12. Bxg6 hxg6 13. Rc1 Qb8 14. Bh4 Nb6 15.
Bg3 Nc4 16. a4 a6 17. a5 b6 18. axb6 Bxg3 19. hxg3 Qxb6 20. Rb1 Rfb8 21. Nd2
Nxd2 22. Qxd2 Ne8 23. Na4 Qb5 24. Nc5 Nd6 25. Rfc1 Nc4 26. Qa2 Rd8 27. Qa4 Rdb8
28. Qa2 Rd8 29. Qa4 1/2-1/2

[Event "Tch-CRO 1st Liga w 2017"]
[Site "Mali Losinj"]
[Date "2017.09.29"]
[Round "2.34"]
[White "Vujnovic, Patricija"]
[Black "Svaljek, Radmila"]
[Result "1/2-1/2"]
[WhiteElo "2121"]
[BlackElo "1967"]
[PlyCount "33"]
[EventDate "2017.09.28"]
[EventType "team"]
[EventRounds "9"]
[EventCountry "CRO"]

1. d4 d5 2. e3 Nf6 3. Bd3 Bg4 4. Nf3 Nbd7 5. Nbd2 e5 6. dxe5 Nxe5 7. Be2 Nxf3+
8. Bxf3 Bxf3 9. Qxf3 Bb4 10. O-O c6 11. c3 Be7 12. e4 dxe4 13. Nxe4 Nxe4 14.
Qxe4 O-O 15. Bf4 Bf6 16. Rad1 Qb6 17. Qe2 1/2-1/2